[Event "At a Turtle's Pace"]
[Site "SchemingMind.com"]
[Date "2016.07.26"]
[Round "-"]
[White "dadshane2000"]
[Black "emvarela"]
[Result "1-0"]
[WhiteCountry "USA"]
[BlackCountry "ARG"]
[WhiteElo "1921"]
[WhiteRD "83"]
[BlackElo "1724"]
[BlackRD "55"]
[GameID "401833"]

1. e4 e5 2. Nf3 Nc6 3. Bc4 Bc5 4. b4 Bb6 5. Bb2 d6 6. a4 a5 7. b5 Na7 8. d4 exd4 9. Nxd4 Nf6 10. Nd2 Bxd4
11. Bxd4 b6 12. O-O O-O 13. f3 Qe7 14. Re1 Be6 15. e5 dxe5 16. Bxe5 Rad8 17. Bxe6 fxe6 18. Bxf6 Qxf6 19. Qe2 Rfe8 20. Ne4 Qe7
21. Kh1 c6 22. bxc6 Nxc6 23. Qb5 Nd4 24. Qb2 Qc7 25. c3 Nf5 26. Rab1 Nd6 27. Qxb6 Qxb6 28. Rxb6 Nxe4 29. fxe4 Rd3 30. Rc6 Kf7
31. h3 e5 32. Rc5 Ke6 33. Rxa5 Rxc3 34. Ra6+ Kf7 35. Rf1+ Kg8 36. Ra7 Rf8 37. Rxf8+ Kxf8 38. a5 Rc4 39. a6 Rxe4 40. Rb7
1-0

[Event "At a Turtle's Pace"]
[Site "SchemingMind.com"]
[Date "2016.07.26"]
[Round "-"]
[White "emvarela"]
[Black "dadshane2000"]
[Result "1/2-1/2"]
[WhiteCountry "ARG"]
[BlackCountry "USA"]
[WhiteElo "1720"]
[WhiteRD "56"]
[BlackElo "1904"]
[BlackRD "85"]
[GameID "401834"]

1. e4 c5 2. Nf3 d6 3. d4 cxd4 4. Nxd4 Nf6 5. Nc3 g6 6. f3 Bg7 7. Bb5+ Bd7 8. Bxd7+ Nbxd7 9. Be3 O-O 10. O-O a6
11. Qd2 b5 12. b4 Ne5 13. a4 Nc4 14. Qe2 Nxe3 15. Qxe3 Qb6 16. axb5 axb5 17. Nce2 e5 18. Nf5 Qxe3+ 19. Nxe3 Bh6 20. Nd5 Nxd5
21. exd5 Be3+ 22. Kh1 Bd2 23. Rfb1 Rxa1 24. Rxa1 Bxb4 25. c3 Bc5 26. Rb1 Ra8 27. h3 Rb8 28. c4 b4 29. Nc1 Kg7 30. g3 f5
31. Nb3 Kf6 32. Kg2 g5 33. g4 Re8 34. gxf5 Kxf5 35. Kg3 Be3 36. Na5 Bf4+ 37. Kf2 Bd2 38. Nb7 Kf4 39. Nxd6 Be3+ 40. Ke2 Ra8
41. Rb2 Bc5 42. Ne4 Bd4 43. Rxb4 Ra2+ 44. Kd1 Kxf3 45. Nxg5+ Kf2 46. Rb3 Ra1+ 47. Kc2 Ra2+ 48. Kd3 Re2=
1/2-1/2

[Event "At a Turtle's Pace"]
[Site "SchemingMind.com"]
[Date "2016.07.25"]
[Round "-"]
[White "dadshane2000"]
[Black "Diadoco"]
[Result "0-1"]
[WhiteCountry "USA"]
[BlackCountry "MEX"]
[WhiteElo "1903"]
[WhiteRD "83"]
[BlackElo "2001"]
[BlackRD "85"]
[GameID "401835"]

1. e4 e5 2. Nf3 Nc6 3. Bb5 a6 4. Ba4 Nf6 5. O-O Nxe4 6. d4 b5 7. Bb3 d5 8. dxe5 Be6 9. Nbd2 Nc5 10. c3 Be7
11. Bc2 d4 12. Nb3 d3 13. Nxc5 dxc2 14. Qxd8+ Rxd8 15. Nxe6 fxe6 16. Be3 Rd5 17. Rfc1 Nxe5 18. Nxe5 Rxe5 19. Rxc2 Kf7 20. c4 b4
21. Rd1 Rd8 22. Rxd8 Bxd8 23. Kf1 Bg5 24. Ba7 h5= 25. Re2 Bf6 26. b3 Ke7 27. Rxe5 Bxe5 28. Bc5+ Bd6 29. Bxd6+ Kxd6 30. Ke2 Ke5
31. Ke3 g5 32. f3 c5 33. g3 Kf5 34. h3 h4 35. gxh4 gxh4 36. f4 e5 37. fxe5 Kxe5 38. Kf3 Kd4 39. Kg4 Kc3 40. Kxh4 Kb2
41. Kg5 Kxa2 42. h4 Kxb3 43. h5 Kxc4 44. h6 b3 45. h7 b2 46. h8=Q b1=Q 47. Qg8+ Kc3 48. Qg7+ Kd2 49. Qd7+ Qd3 50. Qc6 c4
51. Qg2+ Kc1 52. Qg1+ Kc2 53. Qa1 c3 54. Qa2+ Kd1 55. Qb3+ Ke2
0-1

[Event "At a Turtle's Pace"]
[Site "SchemingMind.com"]
[Date "2016.07.26"]
[Round "-"]
[White "Diadoco"]
[Black "dadshane2000"]
[Result "1-0"]
[WhiteCountry "MEX"]
[BlackCountry "USA"]
[WhiteElo "2002"]
[WhiteRD "88"]
[BlackElo "1901"]
[BlackRD "97"]
[GameID "401836"]

1. c4 e6 2. Nf3 Nf6 3. g3 d5 4. d4 Be7 5. Bg2 dxc4 6. Qa4+ Bd7 7. Qxc4 Nc6 8. O-O O-O 9. Nc3 a6 10. e4 b5
11. Qe2 b4 12. e5 bxc3 13. exf6 Bxf6 14. bxc3 Re8 15. Ne5 Bxe5 16. dxe5 Qe7 17. Rd1 Red8 18. a4 Qc5 19. Ba3 Qxc3 20. Bb2 Qb4
21. Rac1 Qxa4 22. Rxd7
1-0

[Event "At a Turtle's Pace"]
[Site "SchemingMind.com"]
[Date "2016.07.26"]
[Round "-"]
[White "dadshane2000"]
[Black "greghghs"]
[Result "0-1"]
[WhiteCountry "USA"]
[BlackCountry "ENG"]
[WhiteElo "1903"]
[WhiteRD "83"]
[BlackElo "2111"]
[BlackRD "67"]
[GameID "401837"]

1. e4 e5 2. Nf3 Nc6 3. Bb5 a6 4. Ba4 Nf6 5. O-O Be7 6. Re1 b5 7. Bb3 d6 8. c3 O-O 9. h3 Re8 10. d4 Bb7
11. Nbd2 Bf8 12. a4 Na5 13. Ba2 exd4 14. cxd4 c5 15. d5 Nd7 16. axb5 axb5 17. Nf1 g6 18. Ng3 Bg7 19. Bd2 b4 20. e5 Nxe5
21. Bf4 c4 22. Nxe5 dxe5 23. Be3 Qxd5 24. Qxd5 Bxd5 25. Rad1 Be6 26. Bb1 f5 27. Bc5 c3 28. bxc3 bxc3 29. Bc2 Bb3 30. Bxb3+ Nxb3
31. Rd5 Ra5
0-1

[Event "At a Turtle's Pace"]
[Site "SchemingMind.com"]
[Date "2016.07.26"]
[Round "-"]
[White "greghghs"]
[Black "dadshane2000"]
[Result "1-0"]
[WhiteCountry "ENG"]
[BlackCountry "USA"]
[WhiteElo "2111"]
[WhiteRD "67"]
[BlackElo "1903"]
[BlackRD "83"]
[GameID "401838"]

1. d4 Nf6 2. c4 g6 3. Nc3 Bg7 4. e4 d6 5. f3 O-O 6. Nge2 c5 7. Be3 Nc6 8. d5 Ne5 9. Ng3 h5 10. Be2 h4
11. Nf1 a6 12. a4 Nh7 13. f4 Nd7 14. Bf2 e6 15. dxe6 fxe6 16. Qxd6 Bxc3+ 17. bxc3 Ndf6 18. Qxd8 Rxd8 19. Bxh4 Rf8 20. e5 Ne4
21. g3 Bd7 22. Bf3 Bc6 23. Nd2 Nxd2 24. Bxc6 bxc6 25. Kxd2 Rf5 26. Be7 g5 27. Ke3 g4 28. h3 gxh3 29. Rxh3
1-0

[Event "At a Turtle's Pace"]
[Site "SchemingMind.com"]
[Date "2016.07.30"]
[Round "-"]
[White "dadshane2000"]
[Black "flyinduck"]
[Result "1-0"]
[WhiteCountry "USA"]
[BlackCountry "CAN"]
[WhiteElo "1934"]
[WhiteRD "91"]
[BlackElo "2033"]
[BlackRD "56"]
[GameID "401839"]

1. e4 c5 2. Nf3 e6 3. d4 cxd4 4. Nxd4 a6 5. Bd3 Qc7 6. O-O Nf6 7. Qe2 d6 8. c4 g6 9. Nc3 Bg7 10. Nf3 Nbd7
11. Rd1 O-O 12. Bf4 Nh5 13. Bg5 Bxc3 14. bxc3 Ne5 15. Nxe5 dxe5 16. Bh6 Rd8 17. g3 Bd7 18. Bc2 Rac8 19. Bg5 f6 20. Be3 Qxc4
21. Qxc4
1-0

[Event "At a Turtle's Pace"]
[Site "SchemingMind.com"]
[Date "2016.07.30"]
[Round "-"]
[White "flyinduck"]
[Black "dadshane2000"]
[Result "1-0"]
[WhiteCountry "CAN"]
[BlackCountry "USA"]
[WhiteElo "2033"]
[WhiteRD "56"]
[BlackElo "1934"]
[BlackRD "91"]
[GameID "401840"]

1. d4 Nf6 2. Bg5 Nd5 3. e4 Nb6 4. Nc3 g6 5. Nf3 Bg7 6. Qd2 d5 7. exd5 Nxd5 8. Nxd5 Qxd5 9. c4 Qe4+ 10. Be2 Bf5
11. O-O Nc6 12. Rad1 O-O-O 13. d5 h6 14. Be3 Ne5 15. Nxe5 Bxe5 16. Qa5 a6 17. Qc5 b6 18. Qa3 a5 19. b4 axb4 20. Qa8+ Kd7
21. Qc6+ Kc8 22. c5 bxc5 23. Ba6+
1-0

[Event "At a Turtle's Pace"]
[Site "SchemingMind.com"]
[Date "2016.07.28"]
[Round "-"]
[White "dadshane2000"]
[Black "JAHI"]
[Result "0-1"]
[WhiteCountry "USA"]
[BlackCountry "INT"]
[WhiteElo "1905"]
[WhiteRD "81"]
[BlackElo "2047"]
[BlackRD "58"]
[GameID "401841"]

1. e4 g6 2. d4 Bg7 3. Nc3 c6 4. Nf3 a6 5. a4 a5 6. Be2 b6 7. Bf4 Na6 8. O-O Bb7 9. e5 h6 10. d5 h5
11. d6 Nc5 12. dxe7 Nxe7 13. Qd2 Nf5 14. Bg5 Qc7 15. Bf6 Bxf6 16. exf6 Kf8 17. Rfe1 Qd8 18. Ne5 d6 19. Nc4 d5 20. Ne5 Qxf6
21. Nd3 Nd7 22. Bf1 Kg7 23. Nf4 Rae8 24. Rxe8 Rxe8 25. b3 h4 26. Re1 Rxe1 27. Qxe1 Nd4 28. Qd2 Ne5 29. Kh1 Nxc2 30. Nd3 Nxd3
31. Bxd3 Nd4 32. Bc2 h3 33. Bd1 c5 34. Qe3 Ne6
0-1

[Event "At a Turtle's Pace"]
[Site "SchemingMind.com"]
[Date "2016.07.28"]
[Round "-"]
[White "JAHI"]
[Black "dadshane2000"]
[Result "1-0"]
[WhiteCountry "INT"]
[BlackCountry "USA"]
[WhiteElo "2051"]
[WhiteRD "62"]
[BlackElo "1901"]
[BlackRD "97"]
[GameID "401842"]

1. g3 d5 2. Bg2 e5 3. c3 c6 4. a3 Be6 5. a4 Nf6 6. b3 e4 7. Na3 Nbd7 8. Nc2 c5 9. Ba3 Be7 10. Rc1 O-O
11. Nh3 Bd6 12. Ne3 h6 13. Nf4 Qc7 14. Nxe6 fxe6 15. d3 Ne5 16. dxe4 Nxe4 17. Nxd5 exd5 18. Qxd5+
1-0

[Event "At a Turtle's Pace"]
[Site "SchemingMind.com"]
[Date "2016.07.26"]
[Round "-"]
[White "dadshane2000"]
[Black "Wojtek26"]
[Result "1-0"]
[WhiteCountry "USA"]
[BlackCountry "POL"]
[WhiteElo "1905"]
[WhiteRD "101"]
[BlackElo "1501"]
[BlackRD "46"]
[GameID "401843"]

1. e4 e5 2. Nf3 Nc6 3. Bc4 Nf6 4. d4 exd4 5. O-O Bc5 6. e5 Ng4 7. h3 Ngxe5 8. Nxe5 Nxe5 9. Re1 Be7 10. Rxe5 O-O
11. Nd2 d6 12. Re1 Bh4 13. Nf3 Bf6 14. Nxd4 Bd7 15. c3 Re8 16. Rxe8+ Qxe8 17. Nf3 Qe4 18. Bd5 Qg6 19. Kh1 Re8 20. Be3 b6
21. Qd2 c6 22. Bb3 Qh5 23. Nh2 Be5 24. Bd1 Qg6 25. Ng4 Bxg4 26. Bxg4 f5 27. Bf3 c5 28. Bd5+ Kh8 29. Re1 Rf8 30. Bf4 Bxf4
31. Qxf4 Qf6 32. Re6 Qf7 33. Qxd6 Re8 34. Rxe8+ Qxe8 35. Qe6 Qf8 36. Qf7 Qd8 37. Qxf5 Qe8 38. Be4 g6 39. Qf6+
1-0

[Event "At a Turtle's Pace"]
[Site "SchemingMind.com"]
[Date "2016.07.26"]
[Round "-"]
[White "Wojtek26"]
[Black "dadshane2000"]
[Result "0-1"]
[WhiteCountry "POL"]
[BlackCountry "USA"]
[WhiteElo "1469"]
[WhiteRD "44"]
[BlackElo "1901"]
[BlackRD "97"]
[GameID "401844"]

1. d4 Nf6 2. Nf3 g6 3. c4 Bg7 4. e3 c5 5. Be2 O-O 6. O-O cxd4 7. exd4 d5 8. Nc3 Nc6 9. c5 Ne4 10. Nxe4 dxe4
11. Nd2 Nxd4 12. Nxe4 Nxe2+ 13. Qxe2 Bf5 14. Qf3 Qc7 15. Rb1 Rfd8 16. Bf4 e5 17. Be3 Qc6 18. Ng3 Qxf3 19. gxf3 Bxb1 20. Rxb1 f5
21. Bc1 Rd1+ 22. Kg2 Bh6 23. Ne2 Bxc1 24. Rxc1 Rxc1 25. Nxc1 Rd8 26. b4 Rd2 27. a4 Kf7 28. b5 Ke6 29. a5 Kd5 30. c6 bxc6
31. b6 axb6 32. a6 Ke6
0-1

[Event "At a Turtle's Pace"]
[Site "SchemingMind.com"]
[Date "2016.08.03"]
[Round "-"]
[White "dadshane2000"]
[Black "tiggeronvrb"]
[Result "1-0"]
[WhiteCountry "USA"]
[BlackCountry "SCO"]
[WhiteElo "1934"]
[WhiteRD "91"]
[BlackElo "1794"]
[BlackRD "81"]
[GameID "402059"]

1. e4 c6 2. d4 d5 3. Nc3 dxe4 4. Nxe4 Bf5 5. Ng3 Bg6 6. h4 h6 7. h5 Bh7 8. Nf3 e6 9. Bd3 Bxd3 10. Qxd3 Qc7
11. Bd2 Nf6 12. O-O-O Bd6 13. Ne5 Bxe5 14. dxe5 Qxe5 15. Bxh6 Nbd7 16. Bxg7 Qg5+ 17. Qe3 Qxg7 18. Nf5 Qg4 19. Nd6+ Ke7 20. Nxb7 Rab8
21. Qa3+ Ke8 22. Nd6+ Ke7 23. Nf5+
1-0

[Event "At a Turtle's Pace"]
[Site "SchemingMind.com"]
[Date "2016.08.01"]
[Round "-"]
[White "tiggeronvrb"]
[Black "dadshane2000"]
[Result "0-1"]
[WhiteCountry "SCO"]
[BlackCountry "USA"]
[WhiteElo "1794"]
[WhiteRD "81"]
[BlackElo "1934"]
[BlackRD "91"]
[GameID "402060"]

1. e4 e5 2. Nf3 Nc6 3. Bb5 a6 4. Ba4 Nf6 5. O-O Nxe4 6. Re1 Nc5 7. Bxc6 dxc6 8. Nxe5 Be7 9. d4 Ne6 10. c3 O-O
11. Nd2 c5 12. Ndf3 cxd4 13. cxd4 Qd5 14. Be3 c5 15. dxc5 Qxd1 16. Raxd1 Nxc5 17. h3 Be6 18. a3 Rfd8 19. b4 Rxd1 20. Rxd1 Ne4
21. Nd4 Nc3 22. Rc1 Nd5 23. Kf1 Nxe3+ 24. fxe3 Bd5 25. Rc7 Bd6
0-1

[Event "At a Turtle's Pace"]
[Site "SchemingMind.com"]
[Date "2016.08.01"]
[Round "-"]
[White "tiggeronvrb"]
[Black "tyler_ensor"]
[Result "1/2-1/2"]
[WhiteCountry "SCO"]
[BlackCountry "CAN"]
[WhiteElo "1796"]
[WhiteRD "77"]
[BlackElo "1779"]
[BlackRD "81"]
[GameID "402061"]

1. e4 c5 2. Nf3 d6 3. d4 cxd4 4. c3 dxc3 5. Nxc3 Nc6 6. Bc4 e6 7. Qe2 a6 8. O-O b5 9. Bb3 Ra7 10. Rd1 Rd7
11. Bf4 Be7 12. Rd2 Nf6 13. Rad1 O-O 14. h3 Qb6 15. Bxd6 Bxd6 16. Rxd6 Rfd8 17. Rxd7 Rxd7 18. Rxd7 Bxd7 19. Qd3 Bc8 20. Bc2 g6
21. a3 Bb7 22. Ne2 Qd8 23. Qxd8+ Nxd8 24. Nd2 Kf8=
1/2-1/2

[Event "At a Turtle's Pace"]
[Site "SchemingMind.com"]
[Date "2016.08.03"]
[Round "-"]
[White "tyler_ensor"]
[Black "tiggeronvrb"]
[Result "0-1"]
[WhiteCountry "CAN"]
[BlackCountry "SCO"]
[WhiteElo "1779"]
[WhiteRD "81"]
[BlackElo "1796"]
[BlackRD "77"]
[GameID "402062"]

1. d4 d5 2. c4 c6 3. Nf3 Bg4 4. Ne5 Bf5 5. Nc3 Nf6 6. cxd5 cxd5 7. Qb3 b6 8. Bf4 e6 9. e3 Be7 10. Bb5+ Nbd7
11. Nc6 Qc8 12. Nxe7 Kxe7 13. Rc1 Qb7 14. Qa3+ Ke8 15. O-O a6 16. Be2 b5 17. Qb3 Nb6 18. Qd1 Ke7 19. Nb1 Rhc8 20. Nd2 Nc4
21. b3 Nd6 22. Nf3 Nfe4 23. Bxd6+ Nxd6 24. Ne5 f6 25. Nd3 Ne4 26. Nc5 Nxc5 27. Rxc5 Qb6 28. Qc2 Bxc2
0-1

[Event "At a Turtle's Pace"]
[Site "SchemingMind.com"]
[Date "2016.07.31"]
[Round "-"]
[White "tiggeronvrb"]
[Black "finlaggan"]
[Result "0-1"]
[WhiteCountry "SCO"]
[BlackCountry "SCO"]
[WhiteElo "1870"]
[WhiteRD "76"]
[BlackElo "2081"]
[BlackRD "101"]
[GameID "402063"]

1. e4 e5 2. Nf3 Nc6 3. Bb5 Nf6 4. d3 Bc5 5. O-O d6 6. h3 O-O 7. Bg5 h6 8. Bh4 Nd4 9. Nxd4 Bxd4 10. c3 Bb6
11. Nd2 c6 12. Ba4 Qe7 13. Kh2 Bd8 14. f4 exf4 15. Rxf4 g5 16. Rxf6 Qxf6 17. Bg3 Qg6 18. Qe2 f5 19. Rf1 f4 20. Bf2 Bb6
21. d4 Re8 22. Bc2 d5 23. Re1 Bc7 24. Nf3 Bf5 25. exf5 Rxe2 26. Rxe2 Re8
0-1

[Event "At a Turtle's Pace"]
[Site "SchemingMind.com"]
[Date "2016.07.31"]
[Round "-"]
[White "finlaggan"]
[Black "tiggeronvrb"]
[Result "1-0"]
[WhiteCountry "SCO"]
[BlackCountry "SCO"]
[WhiteElo "2081"]
[WhiteRD "101"]
[BlackElo "1870"]
[BlackRD "76"]
[GameID "402064"]

1. c4 c5 2. Nf3 Nc6 3. Nc3 Nf6 4. g3 d6 5. Bg2 g6 6. O-O Bg7 7. a3 O-O 8. Rb1 Bd7 9. d3 a6 10. b4 cxb4
11. axb4 Rc8 12. b5 axb5 13. Nxb5 Re8 14. Bd2 Kh8 15. Qb3 Rb8 16. Ng5 Rf8 17. c5 dxc5 18. Nxf7+ Rxf7 19. Qxf7 e6 20. Bc3
1-0

[Event "At a Turtle's Pace"]
[Site "SchemingMind.com"]
[Date "2016.08.01"]
[Round "-"]
[White "tiggeronvrb"]
[Black "emvarela"]
[Result "1-0"]
[WhiteCountry "SCO"]
[BlackCountry "ARG"]
[WhiteElo "1794"]
[WhiteRD "81"]
[BlackElo "1719"]
[BlackRD "51"]
[GameID "402065"]

1. e4 e5 2. Nf3 Nc6 3. Bb5 a6 4. Ba4 Nf6 5. O-O Be7 6. Re1 b5 7. Bb3 Bb7 8. c3 d6 9. d4 h6 10. Qc2 exd4
11. cxd4 O-O 12. Nc3 Na5 13. Bf4 Nxb3 14. Qxb3 c5 15. dxc5 dxc5 16. Rad1 Qb6 17. Nd5 Nxd5 18. exd5 c4 19. Qc2 Rad8 20. Rxe7
1-0

[Event "At a Turtle's Pace"]
[Site "SchemingMind.com"]
[Date "2016.08.05"]
[Round "-"]
[White "emvarela"]
[Black "tiggeronvrb"]
[Result "0-1"]
[WhiteCountry "ARG"]
[BlackCountry "SCO"]
[WhiteElo "1720"]
[WhiteRD "56"]
[BlackElo "1760"]
[BlackRD "76"]
[GameID "402066"]

1. e4 c6 2. d4 d5 3. Nc3 dxe4 4. Nxe4 Bf5 5. Ng3 Bg6 6. Nf3 Nd7 7. h4 h6 8. h5 Bh7 9. Bd3 Bxd3 10. Qxd3 Qc7
11. Bd2 Ngf6 12. O-O-O e6 13. Ne5 Bd6 14. Nxd7 Nxd7 15. Ne4 Be7 16. g3 O-O-O 17. Bf4 Qa5 18. Qb3 Nb6 19. Bd2 Qd5 20. Qxd5 Nxd5
21. c4 Nb6 22. Ba5 Rd7 23. Bxb6 axb6 24. f4 Rhd8 25. d5 cxd5 26. cxd5 exd5 27. Nf2 Bc5 28. Nd3 Re7 29. b4 Be3+ 30. Kb2 Rc7
31. Rh2 b5 32. Re2 Bd4+ 33. Kb1 Bf6 34. Rc1 b6 35. Rxc7+ Kxc7 36. Ne5 Bxe5 37. Rxe5 Kd6 38. Kc2 Rc8+ 39. Kd3 Rc1 40. Re8 Rg1
41. Rd8+ Kc6 42. Rf8 Rxg3+ 43. Kd4 f6 44. Rc8+ Kd7 45. Ra8 Rg4 46. Ra7+ Kc6 47. Ke3 Rg3+ 48. Kf2 Rg4 49. Kf3 Rg1 50. Kf2 Rh1
0-1

[Event "At a Turtle's Pace"]
[Site "SchemingMind.com"]
[Date "2016.07.31"]
[Round "-"]
[White "tiggeronvrb"]
[Black "Diadoco"]
[Result "0-1"]
[WhiteCountry "SCO"]
[BlackCountry "MEX"]
[WhiteElo "1870"]
[WhiteRD "76"]
[BlackElo "1984"]
[BlackRD "89"]
[GameID "402067"]

1. e4 c5 2. Nf3 d6 3. d4 cxd4 4. c3 Nf6 5. e5 dxe5 6. Nxe5 Nbd7 7. Nf3 dxc3 8. Nxc3 g6 9. Bc4 e6 10. O-O Bg7
11. Bg5 O-O 12. Qe2 h6 13. Bh4 g5 14. Bg3 Nb6 15. Rfd1 Bd7 16. Bb5 Qc8 17. Rac1 Bc6 18. Ne5 a6 19. Bxc6 bxc6 20. Rd6 Nfd5
21. Rxc6 Qb7 22. Ne4 Bxe5 23. Bxe5 Rac8 24. Qc2 Rxc6 25. Qxc6 Rc8
0-1

[Event "At a Turtle's Pace"]
[Site "SchemingMind.com"]
[Date "2016.08.01"]
[Round "-"]
[White "Diadoco"]
[Black "tiggeronvrb"]
[Result "1-0"]
[WhiteCountry "MEX"]
[BlackCountry "SCO"]
[WhiteElo "2003"]
[WhiteRD "83"]
[BlackElo "1804"]
[BlackRD "79"]
[GameID "402068"]

1. e4 c6 2. d4 d5 3. e5 c5 4. c3 Nc6 5. Be3 cxd4 6. cxd4 Bf5 7. Nc3 e6 8. a3 Nge7 9. Be2 Nc8 10. f4 Nb6
11. Nf3 Be7 12. O-O O-O 13. b3 f6 14. Nh4 fxe5 15. Nxf5 Rxf5 16. fxe5 Qf8 17. Bg4 Rxf1+ 18. Qxf1 Nd8 19. Qd3 Rc8 20. Rf1 Qe8
21. a4 Bb4 22. Ne2 Nd7 23. Rf3 Nf8 24. Bd2 Bxd2 25. Qxd2 Qg6 26. Qf4 Nf7 27. Ng3 Ng5 28. Rf1 h6 29. h4 Ngh7 30. Bh5 Qd3
31. Rf3 Qc2 32. Bf7+ Kh8 33. Qg4 Qc6 34. Nh5
1-0

[Event "At a Turtle's Pace"]
[Site "SchemingMind.com"]
[Date "2016.08.04"]
[Round "-"]
[White "tiggeronvrb"]
[Black "greghghs"]
[Result "0-1"]
[WhiteCountry "SCO"]
[BlackCountry "ENG"]
[WhiteElo "1782"]
[WhiteRD "79"]
[BlackElo "2111"]
[BlackRD "67"]
[GameID "402069"]

1. e4 e5 2. Nf3 Nc6 3. Bb5 a6 4. Ba4 Nf6 5. O-O Be7 6. Re1 b5 7. Bb3 d6 8. c3 O-O 9. h3 Re8 10. d4 Bb7
11. Bg5 Nd7 12. Be3 Na5 13. Bc2 c5 14. Nbd2 exd4 15. cxd4 Bf6 16. Rc1 Nc6 17. Nf1 Nb4 18. Ng3 Nxa2 19. Ra1 Nb4 20. Bb1 Nc6
21. Qc2 cxd4 22. e5 g6 23. Nxd4 Nxd4 24. Bxd4 Nxe5 25. Ba2 Nf3+ 26. gxf3 Bxd4 27. Rad1 Rxe1+ 28. Rxe1 Qf6 29. Ne4 Qxf3
0-1

[Event "At a Turtle's Pace"]
[Site "SchemingMind.com"]
[Date "2016.08.04"]
[Round "-"]
[White "greghghs"]
[Black "tiggeronvrb"]
[Result "1-0"]
[WhiteCountry "ENG"]
[BlackCountry "SCO"]
[WhiteElo "2026"]
[WhiteRD "89"]
[BlackElo "1804"]
[BlackRD "79"]
[GameID "402070"]

1. e4 c6 2. d4 d5 3. exd5 cxd5 4. c4 Nf6 5. Nc3 Nc6 6. Bg5 dxc4 7. Bxc4 Qxd4 8. Qxd4 Nxd4 9. O-O-O e5 10. f4 Nc6
11. Nb5 Rb8 12. Nc7+ Ke7 13. Nf3 Bg4 14. fxe5 Bxf3 15. exf6+ gxf6 16. Rhe1+
1-0

[Event "At a Turtle's Pace"]
[Site "SchemingMind.com"]
[Date "2016.08.03"]
[Round "-"]
[White "tiggeronvrb"]
[Black "flyinduck"]
[Result "0-1"]
[WhiteCountry "SCO"]
[BlackCountry "CAN"]
[WhiteElo "1804"]
[WhiteRD "79"]
[BlackElo "2053"]
[BlackRD "55"]
[GameID "402071"]

1. e4 c5 2. Nf3 e6 3. d4 cxd4 4. c3 Nf6 5. e5 Nd5 6. Bc4 d6 7. O-O Nc6 8. cxd4 Be7 9. Nc3 Nxc3 10. bxc3 dxe5
11. dxe5 Qxd1 12. Rxd1 b6 13. Bb5 Bb7 14. Bf4 h6 15. Kf1 Bc5 16. Nd4 Rc8 17. Rd2 Ke7 18. Rad1 Bxd4 19. cxd4 Nb4 20. h3 Nd5
21. Bg3 Nc3
0-1

[Event "At a Turtle's Pace"]
[Site "SchemingMind.com"]
[Date "2016.08.04"]
[Round "-"]
[White "flyinduck"]
[Black "tiggeronvrb"]
[Result "1-0"]
[WhiteCountry "CAN"]
[BlackCountry "SCO"]
[WhiteElo "2042"]
[WhiteRD "57"]
[BlackElo "1796"]
[BlackRD "77"]
[GameID "402072"]

1. d4 c5 2. d5 d6 3. Nc3 e5 4. e4 f5 5. exf5 Bxf5 6. Nge2 Nf6 7. Ng3 Bg6 8. h4 Be7 9. h5 Bf7 10. Bc4 a6
11. a4 Nbd7 12. a5 b5 13. axb6 Nxb6 14. b3 Nxc4 15. bxc4 Qd7 16. Qd3 Qg4 17. h6 Bg6 18. hxg7 Rg8 19. Qe2 Rxg7 20. Ra2 Kf7
21. Bh6 Rgg8 22. Kd2 Bf8 23. Bxf8 Rgxf8 24. Qxg4 Nxg4 25. f3 Nf6 26. Rha1 Rfb8 27. Rxa6 Rxa6 28. Rxa6 Rb2 29. Nce4 Nxe4+ 30. Nxe4 Bxe4
31. fxe4 Ke7 32. Ra7+ Kf6 33. Rxh7 Rb1 34. Rd7 Rb6 35. Rc7 Rb8 36. Rd7 Rb6 37. Ke3 Kg5 38. Kf3 Kh5 39. g4+ Kg5 40. Rd8 Ra6
41. Rg8+ Kf6 42. g5+ Kf7 43. Rd8 Ke7 44. Rb8 Kf7 45. Kg4 Ra7 46. Kf5 Rd7 47. g6+ Kg7 48. Kg5 Ra7 49. Rd8 Ra6 50. Rd7+ Kf8
51. g7+
1-0

[Event "At a Turtle's Pace"]
[Site "SchemingMind.com"]
[Date "2016.08.01"]
[Round "-"]
[White "tiggeronvrb"]
[Black "JAHI"]
[Result "1/2-1/2"]
[WhiteCountry "SCO"]
[BlackCountry "INT"]
[WhiteElo "1870"]
[WhiteRD "76"]
[BlackElo "2086"]
[BlackRD "64"]
[GameID "402073"]

1. e4 g6 2. d4 Bg7 3. f4 c6 4. Nf3 a6 5. c4 a5 6. Nc3 b6 7. Be2 Na6 8. O-O Nc7 9. Be3 Ba6 10. Qd2 Rc8
11. Rad1 d6 12. Ng5 h6 13. Nf3 b5 14. b3 bxc4 15. bxc4 e6 16. f5 exf5 17. exf5 gxf5 18. Qc2 Ne7 19. Nh4 Qd7 20. Nxf5 Nxf5
21. Rxf5 Qe6 22. Rf3 Bxc4 23. Rdf1 Bxe2 24. Qxe2 Rf8 25. Qf2 Kd7 26. Rxf7+ Rxf7 27. Qxf7+ Qe7 28. Qf5+ Qe6 29. Qf7+=
1/2-1/2

[Event "At a Turtle's Pace"]
[Site "SchemingMind.com"]
[Date "2016.08.03"]
[Round "-"]
[White "JAHI"]
[Black "tiggeronvrb"]
[Result "1-0"]
[WhiteCountry "INT"]
[BlackCountry "SCO"]
[WhiteElo "1998"]
[WhiteRD "58"]
[BlackElo "1804"]
[BlackRD "79"]
[GameID "402074"]

1. g3 e5 2. Bg2 d5 3. c3 c5 4. a3 Nc6 5. a4 Nf6 6. b3 Be6 7. Na3 Bd6 8. Nc2 O-O 9. Ba3 Qd7 10. Rc1 Rfe8
11. c4 d4 12. d3 Ng4 13. e3 f5 14. Nh3 Kh8 15. exd4 exd4 16. Kf1 Rf8 17. Nf4 Bxf4 18. gxf4 b6 19. b4 Qc7 20. bxc5 Qxf4
21. Qf3 Qd2 22. Qe2 Qxe2+ 23. Kxe2 Bd7 24. h3 Nf6 25. Kd2 bxc5 26. Bxc5 Rfe8 27. Rce1 Rad8 28. Rxe8+ Rxe8 29. Nxd4 Nxd4 30. Bxd4 a5
31. c5 Rc8 32. Rc1 Bxa4 33. Bb7 Rc7 34. c6 Nd5 35. Be5
1-0

[Event "At a Turtle's Pace"]
[Site "SchemingMind.com"]
[Date "2016.07.31"]
[Round "-"]
[White "tiggeronvrb"]
[Black "Wojtek26"]
[Result "1-0"]
[WhiteCountry "SCO"]
[BlackCountry "POL"]
[WhiteElo "1870"]
[WhiteRD "76"]
[BlackElo "1571"]
[BlackRD "51"]
[GameID "402075"]

1. e4 e5 2. Nf3 Nc6 3. Bb5 d6 4. O-O Nf6 5. Re1 Be7 6. h3 O-O 7. c3 Bd7 8. d4 exd4 9. cxd4 a6 10. Ba4 h6
11. Nc3 b5 12. Bb3 Qc8 13. Bf4 Re8 14. Rc1 g5 15. Be3 Bf8 16. Qd3 Nb4 17. Qb1 Bg7 18. a3 Nc6 19. Ne2 Nxe4 20. Bd5 Nxd4
21. Nexd4 Rb8 22. Bxe4 Bxh3 23. Bf5 Bxf5 24. Nxf5 Qb7 25. N3d4 Rbd8 26. Nxg7 Kxg7 27. Nf5+ Kf8 28. Nxh6 Re4 29. Rxc7 Qxc7 30. Qxe4 Re8
31. Qh7
1-0

[Event "At a Turtle's Pace"]
[Site "SchemingMind.com"]
[Date "2016.07.31"]
[Round "-"]
[White "Wojtek26"]
[Black "tiggeronvrb"]
[Result "0-1"]
[WhiteCountry "POL"]
[BlackCountry "SCO"]
[WhiteElo "1571"]
[WhiteRD "51"]
[BlackElo "1870"]
[BlackRD "76"]
[GameID "402076"]

1. d4 c5 2. dxc5 e6 3. Bf4 Nc6 4. e3 Bxc5 5. Nf3 Nf6 6. Bb5 O-O 7. O-O a6 8. Ba4 b5 9. Bb3 Bb7 10. Nbd2 Re8
11. c3 e5 12. Bg3 d5 13. Qc2 Rc8 14. Bh4 Be7 15. Rad1 h6 16. a3 Nh5 17. Bxe7 Qxe7 18. Bxd5 Red8 19. Bb3 Kh8 20. Nb1 Re8
21. Qf5 Nf6 22. Bc2 e4 23. Nfd2 Rcd8 24. c4 g6 25. Qh3 Kg7 26. Nc3 Ne5 27. f3 Nh5 28. Bxe4 Bc8 29. g4 Nf6 30. Bc2 h5
31. gxh5 Bxh3
0-1